N Nuwe dag 'n nuwe jy : 366 dagstukkies om jou lewe elke dag te geniet (Record no. 408336)

MARC details
000 -LEADER
fixed length control field 00326nam a2200097Ia 4500
082 ## - DEWEY DECIMAL CLASSIFICATION NUMBER
Classification number 240 MEYE
008 - FIXED-LENGTH DATA ELEMENTS--GENERAL INFORMATION
fixed length control field 210817s9999 xx 000 0 und d
100 ## - MAIN ENTRY--PERSONAL NAME
Personal name Meyer, Joyce Kaapstad, 2008 1ste Afrikaanse uitg
9 (RLIN) 96782
245 #0 - TITLE STATEMENT
Title N Nuwe dag 'n nuwe jy : 366 dagstukkies om jou lewe elke dag te geniet
942 ## - ADDED ENTRY ELEMENTS
item type Books

No items available.